Proceedings, 15th annual technical symposium. : Photo-optical instrumentation for the 70's.

Bibliographic Details
Corporate Author: Society of Photo-optical Instrumentation Engineers
Format: Book
Language:English
Published: [Redondo Beach, Calif.] : Society of Photo-optical Instrumentation Engineers, [1971]
Subjects:

MARC

Tag First Indicator Second Indicator Subfields
LEADER 00000cam a2200000 i 4500
001 in00000093927
005 20150927070232.0
008 741203s1971 caua b 10000 eng
010 |a  74192568  
035 |a (OCoLC)01130341 
035 |9 AAL5780AM 
040 |a DLC  |c DLC  |d TXA  |d UtOrBLW 
049 |a TXAM  |c [1129633] 
050 0 0 |a TA1505  |b .P48 
082 0 |a 621.36 
090 |a TS510  |b .S627 
110 2 |a Society of Photo-optical Instrumentation Engineers. 
245 1 0 |a Proceedings, 15th annual technical symposium. :  |b Photo-optical instrumentation for the 70's. 
264 1 |a [Redondo Beach, Calif.] :  |b Society of Photo-optical Instrumentation Engineers,  |c [1971] 
264 4 |c ©1971 
300 |a x, 576 pages :  |b illustrations ;  |c 28 cm. 
336 |a text  |b txt  |2 rdacontent 
337 |a unmediated  |b n  |2 rdamedia 
338 |a volume  |b nc  |2 rdacarrier 
500 |a Symposium held in Anaheim, Calif., Sept. 14-17, 1970. 
504 |a Includes bibliographical references. 
650 0 |a Optical instruments  |v Congresses. 
740 0 |a Photo-optical instrumentation for the 70's. 
999 |a MARS 
999 f f |s f1b3303e-6810-3e19-b726-755800e4b39f  |i 8231f3f0-3cda-35db-982d-fc0b8d4d5cfb  |t 0 
952 f f |p ric  |a Texas A&M University  |b Rellis Campus  |c Joint Library Facility  |d Remote Storage  |t 0  |e TS510 .S627  |h Library of Congress classification  |i unmediated -- volume  |m A14805646808 
998 f f |a TS510 .S627  |t 0  |l Remote Storage